| 000 | 00739cam a2200229 4500 | ||
|---|---|---|---|
| 999 |
_c6922 _d6922 |
||
| 001 | 8040 | ||
| 005 | 20190415114248.0 | ||
| 008 | 721102s1961 nyua b 000 0 eng | ||
| 010 | _a 61007203 | ||
| 082 | _a306 L66t 1981 | ||
| 100 | 2 | _aLevi-Strauss, Claude. | |
| 245 | 1 | 0 |
_aTristes tropiques. _cTranslated by John Russell. |
| 250 | _a[1st American ed.] | ||
| 260 |
_aNew York, _bCriterion Books _c[1961] |
||
| 300 |
_a404 p. _billus. _c24 cm. |
||
| 500 | _a""Chapters XIV, XV, XVI, and XXXIX of the French edition are omitted in this translation."" | ||
| 504 | _aIncludes bibliography. | ||
| 650 | 0 |
_aIndians of South America _zBrazil. |
|
| 651 | 0 |
_aBrazil _xDescription and travel. |
|
| 942 |
_2ddc _cMAIN |
||